| 000 | 01254nam a2200253 i 4500 | ||
|---|---|---|---|
| 001 | 164631 | ||
| 003 | ES-MaACL | ||
| 005 | 20250401125914.0 | ||
| 008 | 950206s1897 sp |||| | spa d | ||
| 040 |
_aCLM _bspa _cCCPB | PA2 |
||
| 100 | 1 |
_aSanchiz Catalán, Rogelio. _9103023 |
|
| 245 | 1 | 0 |
_aApuntes sobre el fuero municipal de Cuenca y sus reformas / _cpor Rogelio Sanchíz Catalán... ; con una carta-prólogo de Isidro de Molina. |
| 260 |
_aCuenca : _b[s.n.], _c1897 ( _fImprenta Provincial) |
||
| 300 |
_aXVI, 156, [4] p., [2] h. de lám. ; _c24 cm. |
||
| 500 | _a"Obra premiada con el Accésit en el Certamen literario y Juegos florales, celebrados en esta ciudad el 10 de septiembre de 1895 e impresa a expensas de la Excma. Diputación Provincial de Cuenca" | ||
| 530 | _aDisponible en formato digital. | ||
| 650 | 4 |
_aFueros- _zCuenca. _9163633 |
|
| 700 | 1 |
_aMolina, Isidro de. _9130028 |
|
| 852 |
_aES-MaACL _j1626-F-18 _zRevisado enlace: 01 de Abril de 2025. _9170908 _cDEPOF _g Dedicatoria autógrafa del autor _qdeteriorada _x Rustica |
||
| 856 |
_uhttp://bdh-rd.bne.es/viewer.vm?id=0000140262&page=1 _yBiblioteca Digital Hispánica |
||
| 903 |
_9103023 _aSanchiz Catalán, Rogelio _eaut |
||
| 942 | _2udc | ||
| 999 |
_c164631 _d164631 |
||